Мать : (Record no. 85892)
[ view plain ]
| 000 -LEADER | |
|---|---|
| fixed length control field | 01067nam a2200241 a 4500 |
| 001 - CONTROL NUMBER | |
| control field | 000242243 |
| 003 - CONTROL NUMBER IDENTIFIER | |
| control field | AM-YeHGA |
| 005 - DATE AND TIME OF LATEST TRANSACTION | |
| control field | 20250617124811.0 |
| 008 - FIXED-LENGTH DATA ELEMENTS--GENERAL INFORMATION | |
| fixed length control field | 030701s1991 ||| r 000 0 rus d |
| 020 ## - INTERNATIONAL STANDARD BOOK NUMBER | |
| International Standard Book Number | 5752903963 |
| 040 ## - CATALOGING SOURCE | |
| Original cataloging agency | AM-YeHGA |
| 090 ## - LOCALLY ASSIGNED LC-TYPE CALL NUMBER (OCLC); LOCAL CALL NUMBER (RLIN) | |
| -- | 87171 |
| 100 1# - MAIN ENTRY--PERSONAL NAME | |
| Personal name | Путилов, Борис Анатольевич |
| 245 10 - TITLE STATEMENT | |
| Title | Мать : |
| Remainder of title | Современ. апокриф / |
| Statement of responsibility, etc. | Борис Путилов; Сцены из жизни / Николай Мурзин. |
| 260 ## - PUBLICATION, DISTRIBUTION, ETC. | |
| Place of publication, distribution, etc. | Свердловск : |
| Name of publisher, distributor, etc. | Сред.-Урал. кн. изд-во, |
| Date of publication, distribution, etc. | 1991. |
| 300 ## - PHYSICAL DESCRIPTION | |
| Extent | 332 с. |
| Other physical details | ил. |
| 440 #0 - SERIES STATEMENT/ADDED ENTRY--TITLE | |
| Title | Уральские мемуары |
| 505 0# - FORMATTED CONTENTS NOTE | |
| Title | Мать / |
| Statement of responsibility | Борис Путилов ; |
| Title | Сцены из жизни / |
| Statement of responsibility | Николай Мурзин |
| 653 0# - INDEX TERM--UNCONTROLLED | |
| Uncontrolled term | Культ личности и его последствия (х. л.) |
| 653 0# - INDEX TERM--UNCONTROLLED | |
| Uncontrolled term | Репрессии 30-40-х и начала 50-х гг. в СССР (х. л.) |
| 700 1# - ADDED ENTRY--PERSONAL NAME | |
| Personal name | Мурзин, Николай Павлович |
| 777 08 - ISSUED WITH ENTRY | |
| Title | Сцены из жизни / Николай Мурзин |
| Withdrawn status | Lost status | Damaged status | Not for loan | Collection | Home library | Current library | Date acquired | Total checkouts | Full call number | Barcode | Date last seen | Price effective from | Koha item type | Public note |
|---|---|---|---|---|---|---|---|---|---|---|---|---|---|---|
| General | Fundamental Scientific Library | Fundamental Scientific Library | 22/12/2016 | 882 | 110063249 | 22/12/2016 | 22/12/2016 | Գրքեր / Books | 30 Days Loan |
ՀՀ Գիտությունների ազգային ակադեմիայի հիմնարար գիտական գրադարան = Fundamental Scientific Library of NAS RA
All site content, except where otherwise noted, is licensed under a